Modelación de crecimiento de aves criollas mexicanas, Rhode Island Red y Hy-Line Brown / (Record no. 220473)
[ view plain ]
| 000 -CABECERA | |
|---|---|
| campo de control de longitud fija | 02976nam a2200337 a 4500 |
| 003 - IDENTIFICADOR DEL NÚMERO DE CONTROL | |
| campo de control | OSt |
| 005 - FECHA Y HORA DE LA ÚLTIMA TRANSACCIÓN | |
| campo de control | 20250422114144.0 |
| 007 - CAMPO FIJO DE DESCRIPCIÓN FÍSICA--INFORMACIÓN GENERAL | |
| campo de control de longitud fija | cr ||||||a|c|a |
| 008 - DATOS DE LONGITUD FIJA--INFORMACIÓN GENERAL | |
| campo de control de longitud fija | 250221s2023 mx a|||fom||| 001 0 spa d |
| 040 ## - FUENTE DE LA CATALOGACIÓN | |
| Normas de descripción | rda |
| 100 1# - ENTRADA PRINCIPAL--NOMBRE DE PERSONA | |
| Nombre de persona | Osio Orihuela, Leonardo |
| 9 (RLIN) | 190142 |
| 245 10 - MENCIÓN DE TÍTULO | |
| Título | Modelación de crecimiento de aves criollas mexicanas, Rhode Island Red y Hy-Line Brown / |
| Mención de responsabilidad, etc. | por Leonardo Osio Orihuela; director de tesis Fernando González Cerón; secretario Diego Zárate Contreras; vocal Sergio Ibán Mendoza Pedroza; suplente Eliseo Sosa Montes; suplente José Isidro Alejos de la Fuente. |
| 264 #1 - PRODUCCIÓN, PUBLICACIÓN, DISTRIBUCIÓN, FABRICACIÓN Y COPYRIGHT | |
| Producción, publicación, distribución, fabricación y copyright | Chapingo, México : |
| Nombre del de productor, editor, distribuidor, fabricante | El autor, |
| Fecha de producción, publicación, distribución, fabricación o copyright | 2023. |
| 300 ## - DESCRIPCIÓN FÍSICA | |
| Extensión | 1 recurso en línea (50 páginas): |
| Otras características físicas | cuadros, figuras. |
| 336 ## - TIPO DE CONTENIDO | |
| Fuente | rdacontent |
| Término de tipo de contenido | texto |
| Código de tipo de contenido | txt |
| 337 ## - TIPO DE MEDIO | |
| Fuente | rdamedia |
| Nombre/término del tipo de medio | computadora |
| Código del tipo de medio | c |
| 338 ## - TIPO DE SOPORTE | |
| Fuente | rdacarrier |
| Nombre/término del tipo de soporte | recurso en línea |
| Código del tipo de soporte | cr |
| 502 ## - NOTA DE TESIS | |
| Tipo de título | Ingeniero Agrónomo Especialista en Zootecnia |
| Nombre de la institución que otorga el título | Departamento de Enseñanza, Investigación y Servicio en Zootecnia, |
| Año de obtención del título | 2023. |
| Información miscelánea | Licenciatura |
| 504 ## - NOTA DE BIBLIOGRAFÍA, ETC. | |
| Nota de bibliografía, etc. | Incluye referencias bibliográficas: páginas 29-42. |
| 520 ## - SUMARIO, ETC. | |
| Sumario, etc. | El objetivo fue caracterizar el crecimiento de aves Criollas Mexicanas (CMX), Hy-Line Brown (HLB) y Rhode Island Red (RIR) mediante los modelos no lineales Gompertz-Laird (MNGL), Logístico (MNL), Richards (MNR) y Von Bertalanffy (MNVB). Se utilizaron 70 pollitas de cada genotipo. Cada ave fue identificada para registrar su peso de 7 a 210 días de edad. Los parámetros de los modelos se estimaron con el procedimiento NLIN (algoritmo de Marquardt) de SAS. Se calculó el coeficiente de determinación ajustado, criterio de información de Akaike y criterio de información Bayesiana, para cada caso. La tasa de crecimiento inicial (d-1) en aves CMX fue menor (0.04715) que en aves RIR (0.07169) y HLB (0.05216). Con los cuatro modelos, la tasa de decaimiento en aves CMX fue menor, respecto a los otros genotipos. Asimismo, la edad al máximo crecimiento (d) en las aves CMX, RIR y HLB, varió de 49.4 a 87.9, de 60.7 a 81.6 y de 58.7 a 87.8, respectivamente. Por otro lado, el peso asintótico (g), estimado con los cuatro modelos varió de 2,068.5 a 2,644.3, de 1,902.4 a 2,250.9 y 2,096.3 a 2,464.5, en las aves CMX, RIR y HLB, respectivamente. Con el MNVB se obtuvo el mejor ajuste para los datos de las aves RIR y HLB, en contraste, el MNR fue mejor para las aves CMX, seguido del MNVB. El MNVB sería el más adecuado para el estudio simultáneo del crecimiento de aves CMX, RIR y HLB. |
| 650 #4 - PUNTO DE ACCESO ADICIONAL DE MATERIA--TÉRMINO DE MATERIA | |
| Término de materia o nombre geográfico como elemento de entrada | Gallinas criollas |
| Subdivisión general | Crecimiento |
| 9 (RLIN) | 188708 |
| 650 #4 - PUNTO DE ACCESO ADICIONAL DE MATERIA--TÉRMINO DE MATERIA | |
| Término de materia o nombre geográfico como elemento de entrada | Modelos no lineales |
| 9 (RLIN) | 143479 |
| 650 #4 - PUNTO DE ACCESO ADICIONAL DE MATERIA--TÉRMINO DE MATERIA | |
| Término de materia o nombre geográfico como elemento de entrada | Curvas de Crecimiento |
| 9 (RLIN) | 143477 |
| 700 1# - PUNTO DE ACCESO ADICIONAL--NOMBRE DE PERSONA | |
| Nombre de persona | González Cerón, Fernando |
| 9 (RLIN) | 48783 |
| Término indicativo de función/relación | Director de tesis. |
| 700 1# - PUNTO DE ACCESO ADICIONAL--NOMBRE DE PERSONA | |
| Nombre de persona | Zárate Contreras, Diego |
| 9 (RLIN) | 189326 |
| Término indicativo de función/relación | Secretario. |
| 700 1# - PUNTO DE ACCESO ADICIONAL--NOMBRE DE PERSONA | |
| Nombre de persona | Mendoza Pedroza, Sergio Ibán |
| 9 (RLIN) | 74719 |
| Término indicativo de función/relación | Vocal. |
| 700 1# - PUNTO DE ACCESO ADICIONAL--NOMBRE DE PERSONA | |
| Nombre de persona | Sosa Montes, Eliseo |
| 9 (RLIN) | 108816 |
| Término indicativo de función/relación | Suplente. |
| 700 1# - PUNTO DE ACCESO ADICIONAL--NOMBRE DE PERSONA | |
| Nombre de persona | Alejos de la Fuente, José Isidro |
| 9 (RLIN) | 3759 |
| Término indicativo de función/relación | Suplente. |
| 856 ## - LOCALIZACIÓN Y ACCESO ELECTRÓNICOS | |
| Identificador Uniforme del Recurso | http://10.13.5.2/tesis/tl/1511870-1_OSIO_ORIHUELA_LEONARDO.pdf |
| Nota pública | DESCARGAR PDF |
| 942 ## - ELEMENTOS DE PUNTO DE ACCESO ADICIONAL (KOHA) | |
| Fuente del sistema de clasificación o colocación | Clasificación Universidad Autónoma Chapingo |
| Tipo de ítem Koha | Tesis digital |
| Estado de retiro | Estado de pérdida | Fuente del sistema de clasificación o colocación | Estado dañado | Restricciones de uso | No para préstamo | Código de colección | Localización permanente | Ubicación/localización actual | Ubicación en estantería | Fecha de adquisición | Total de préstamos | Signatura topográfica completa | Fecha visto por última vez | Precio válido a partir de | Tipo de ítem Koha |
|---|---|---|---|---|---|---|---|---|---|---|---|---|---|---|---|
| Clasificación Universidad Autónoma de Chapingo | Préstamo interno | Tesis digitales de Licenciatura | Biblioteca Digital | Biblioteca Digital | En línea | 21/02/2025 | Tesis digital | 21/02/2025 | 21/02/2025 | Tesis digital |
